A carregar...

അരങ്ങേറ്റം /

Detalhes bibliográficos
Autor principal: അക്കിത്തം, 1926-2020
Formato: Printed Book
Idioma:Malayalam
Publicado em: തൃശൂർ : കറന്റ് ബുക്‌സ് , 1961.
LEADER 00620nam a2200145Ia 4500
008 111205s1961 ii 000 0 mal d
041 |a mal 
100 0 |a  അക്കിത്തം,  |9 1579562  |d 1926-2020 
245 |a അരങ്ങേറ്റം /  |c  അക്കിത്തം അച്യുതൻ നമ്പൂതിരി  
246 |a Arangettam 
260 |b കറന്റ് ബുക്‌സ് ,  |a  തൃശൂർ :  |c 1961. 
300 |a 56pages. 
942 |c BK 
999 |c 205469  |d 205469 
952 |0 0  |1 0  |2 ddc  |4 1  |6 S_5R4  |7 0  |9 227245  |a MAL  |b MAL  |c SEC  |d 1973-03-31  |g 1.00  |j 127  |l 0  |o S5R4  |p MAL1250  |r 2015-04-13  |v 1.00  |w 2015-04-13  |y BK